| Tag |
First Indicator |
Second Indicator |
Subfields |
| LEADER |
00000cam a2200000 a 4500 |
| 001 |
in00000002735 |
| 005 |
20151007050755.0 |
| 008 |
990303s1998 mduab b f000 0 eng d |
| 035 |
|
|
|a (OCoLC)40895000
|
| 035 |
|
|
|9 AJD7721AM
|
| 040 |
|
|
|d GPO
|d DLC
|d MvI
|d UtOrBLW
|
| 043 |
|
|
|a n-us---
|
| 049 |
|
|
|a UMIC
|
| 074 |
|
|
|a 0191-B-10
|
| 086 |
0 |
|
|a C 55.436/2:M 74
|
| 245 |
0 |
0 |
|a NS&T Program :
|b National Status and Trends Progam for marine environmental quality.
|
| 246 |
1 |
0 |
|a National Status and Trends Progam for marine environmental quality
|
| 264 |
|
1 |
|a [Silver Spring, Md.] :
|b [U.S. Dept. of Commerce, National Oceanic and Atmospheric Administration, National Ocean Service],
|c [1998]
|
| 300 |
|
|
|a 32 pages :
|b color illustrations, color maps ;
|c 22 cm.
|
| 336 |
|
|
|a text
|b txt
|2 rdacontent
|
| 337 |
|
|
|a unmediated
|b n
|2 rdamedia
|
| 338 |
|
|
|a volume
|b nc
|2 rdacarrier
|
| 500 |
|
|
|a Cover title.
|
| 500 |
|
|
|a Shipping list number: 99-0097-P.
|
| 500 |
|
|
|a "December 1998"-- P. [4] of cover.
|
| 504 |
|
|
|a Includes bibliographical reference (pages 28-32).
|
| 610 |
2 |
0 |
|a National Status and Trends Program (U.S.)
|
| 650 |
|
0 |
|a Environmental monitoring
|z United States.
|
| 650 |
|
0 |
|a Marine pollution
|z United States.
|
| 650 |
|
0 |
|a Estuarine pollution
|z United States.
|
| 710 |
2 |
|
|a National Status and Trends Program (U.S.)
|
| 710 |
1 |
|
|a United States.
|b National Ocean Service.
|
| 999 |
|
|
|a MARS
|
| 999 |
f |
f |
|s e7a78a97-fef5-322a-9de0-0a761ae27af5
|i b1114ff3-681d-3cb1-ba61-1479f4dff76d
|t 0
|
| 952 |
f |
f |
|p normal
|a Texas A&M University
|b College Station
|c Sterling C. Evans Library
|d Evans: US Documents (Annex 5th floor)
|t 0
|e C 55.436/2:M 74
|h Superintendent of Documents classification
|i unmediated -- volume
|m A14824443463
|
| 998 |
f |
f |
|a C 55.436/2:M 74
|t 0
|l Evans: US Documents (Annex 5th floor)
|